Normal view
MARC view
- Ṭeṿye (Fictitious character : Sholem Aleichem)
Entry Topical Term
001 - CONTROL NUMBER
- control field: 18884
003 - CONTROL NUMBER IDENTIFIER
- control field: NUST
005 - DATE AND TIME OF LATEST TRANSACTION
- control field: 20190730102817.0
008 - FIXED-LENGTH DATA ELEMENTS
- fixed length control field: 190730|| aca||aabn | a|a d
040 ## - CATALOGING SOURCE
- Original cataloging agency: NUST
- Transcribing agency: NUST
150 ## - HEADING--TOPICAL TERM
- Topical term or geographic name entry element: Ṭeṿye (Fictitious character : Sholem Aleichem)
- Form subdivision: Fiction.
670 ## - SOURCE DATA FOUND
- Source citation: Work cat.: (NUST)0: Sholem Aleichem, 1859-1916. 18883, Tevye's daughters., [1949]
